| 000 | 00522cam a2200205 4500 | ||
|---|---|---|---|
| 001 | D9903 | ||
| 008 | 090401t1972 xxu||||| |||| 00| 0 eng d | ||
| 035 | _a(Sirsi) u23223 | ||
| 041 | _aeng | ||
| 050 | _a692.5 | ||
| 100 | _aWillis, Arthur J | ||
| 245 | _aPractice and procedure for the quantity surveyor | ||
| 250 | _a6th metric | ||
| 260 |
_aLondon _bCrosby Lockwood _c1972 |
||
| 300 | _axii. 255p. Chart in pocket. 22cm | ||
| 350 | _a2.2 | ||
| 700 | _aWillis, Christopher J | ||
| 942 | _n0 | ||
| 948 | _c04/03/1997 | ||
| 999 |
_c88355 _d88355 |
||